Dalla generazione all'individuo : giovinezza, identità, impegno nell'opera di Pier Vittorio Tondelli ; con due inediti tondelliani /

Shranjeno v:
Bibliografske podrobnosti
Glavni avtor: Campofreda, Olga
Format: Knjiga
Jezik:italijanščina
Izdano: Milano ; Udine : Mimesis, 2020
Serija:Mimesis. Eterotopie ; 681
Teme:
Oznake: Označite
Brez oznak, prvi označite!

MARC

LEADER 00000nam a22000007i 4500
001 IT\ICCU\UBO\4513415
003 ItRI
005 20260115232115.0
008 210322s2020 it |||||| ||||| |||||c
020 |a 9788857567419 
040 |b ita  |c importazione bologna sebina 
041 7 |a ita  |2 ISO-639-2 
082 |a 858.91407  |9 SCRITTI MISCELLANEI ITALIANI, 1945-1999. Opere senza una forma letteraria identificabile  |2 23 
100 1 |a Campofreda, Olga  |0 IT\ICCU\MILV\337657 
240 1 0 |a Dalla generazione all'individuo  |3 IT\ICCU\UBO\4571445  |9 Campofreda, Olga 
245 1 0 |a Dalla generazione all'individuo :  |b giovinezza, identità, impegno nell'opera di Pier Vittorio Tondelli ; con due inediti tondelliani /  |c Olga Campofreda. 
260 |a Milano ;  |a Udine :  |b Mimesis,  |c 2020 
300 |a 268 p. ;  |c 21 cm. 
650 7 |a Tondelli, Pier Vittorio  |x Opere  |x Temi [:] Giovani  |2 nsbncf 
830 0 |a Mimesis. Eterotopie ;  |v 681  |0 IT\ICCU\CFI\0790643 
942 |2 ddc  |c BK  |n 0 
952 |0 0  |1 0  |4 0  |6 DOC_853_914000000000000_CAM  |7 0  |9 20154  |a BO  |b BO  |d 2026-01-15  |i 19372  |l 0  |o DOC 853.914 CAM  |p BO19372  |r 2026-01-15 23:21:15  |w 2026-01-15  |x [Sebina 5] [1 v.]  |y BK  |z 1 v. 
999 |c 17185  |d 17185